000 00774nam a2200289 i 4500
001 bgj
100 1 _aLONDON, Jack.
245 1 0 _aThe Call of the Wild and White Fang /
_cJack London ; introduction by Frank Luther Mott.
260 _aNew York :
_bWashington Square Press, Inc.,
_c1962.
300 _aXXIII, 337 ;
_c17 cm.
650 9 _aWolfdogs
650 9 _aWolves
650 9 _aAnimals
_xTreatment
650 9 _aFeral dogs
650 9 _aPet theft
650 9 _aSled dogs
650 9 _aDogs
650 9 _aKlondike River Valley (|Yukon)
650 9 _aAdventure fiction
650 9 _aNature stories
655 _aFiction
700 1 _aMOTT, Frank Luther
040 _cBPK
041 0 _aeng
942 _cKS
008 s uk f |000 0 eng
999 _c47482
_d47482
856 _uhttp://koha.tu.koszalin.pl/cgi-bin/koha/opac-detail.pl?biblionumber=47482
_yKatalog online BPK